<?xml version="1.0" encoding="UTF-8"?><?xml-stylesheet type="text/xsl" href="static/style.xsl"?><OAI-PMH xmlns="http://www.openarchives.org/OAI/2.0/" xmlns:xsi="http://www.w3.org/2001/XMLSchema-instance" xsi:schemaLocation="http://www.openarchives.org/OAI/2.0/ http://www.openarchives.org/OAI/2.0/OAI-PMH.xsd"><responseDate>2026-04-17T15:58:10Z</responseDate><request verb="GetRecord" identifier="oai:www.recercat.cat:2445/217783" metadataPrefix="marc">https://recercat.cat/oai/request</request><GetRecord><record><header><identifier>oai:recercat.cat:2445/217783</identifier><datestamp>2025-12-05T10:02:26Z</datestamp><setSpec>com_2072_1057</setSpec><setSpec>col_2072_478819</setSpec><setSpec>col_2072_478917</setSpec></header><metadata><record xmlns="http://www.loc.gov/MARC21/slim" xmlns:dcterms="http://purl.org/dc/terms/" xmlns:xsi="http://www.w3.org/2001/XMLSchema-instance" xmlns:doc="http://www.lyncode.com/xoai" xsi:schemaLocation="http://www.loc.gov/MARC21/slim http://www.loc.gov/standards/marcxml/schema/MARC21slim.xsd">
   <leader>00925njm 22002777a 4500</leader>
   <datafield ind2=" " ind1=" " tag="042">
      <subfield code="a">dc</subfield>
   </datafield>
   <datafield ind2=" " ind1=" " tag="720">
      <subfield code="a">Jiménez León, Marcelino</subfield>
      <subfield code="e">author</subfield>
   </datafield>
   <datafield ind2=" " ind1=" " tag="260">
      <subfield code="c">2025-01-21T18:23:24Z</subfield>
   </datafield>
   <datafield ind2=" " ind1=" " tag="260">
      <subfield code="c">2023</subfield>
   </datafield>
   <datafield ind2=" " ind1=" " tag="260">
      <subfield code="c">info:eu-repo/date/embargoEnd/2099-01-01</subfield>
   </datafield>
   <datafield ind2=" " ind1=" " tag="520">
      <subfield code="a">Hay unanimidad crítica sobre la importancia de esta antología, tanto en la literatura española como en la hispanoamericana, y ello desde fecha muy temprana. Así, en 1913, la reseña inicial de Luis de Tapia en Revista de Libros, daba las claves, pues arrancaba señalando: “labor utilísima han realizado Díez-Canedo y Fortún, escritores de mérito singular en quienes se unen erudición y buen talento”, y destacaba que era la primera antología de poetas franceses modernos en castellano y que el trabajo se hizo “de modo escrupuloso, concienzudo, dominando el asunto […]. No ha habido precipitaciones ni han incurrido en esos tropiezos tan fáciles en trabajo de tal amplitud”.2 Más de tres décadas después, con motivo del fallecimiento de Díez-Canedo, Mariano Picón Salas afirmaba que este libro “no solo sirvió para completar y hacer balance de la revolución modernista, sino que anticipaba ya, por 1913, algunos de los cambios e influencias por donde iba a transitar la nueva poesía”.</subfield>
   </datafield>
   <datafield tag="653" ind2=" " ind1=" ">
      <subfield code="a">Díez-Canedo, Enrique, 1879-1944</subfield>
   </datafield>
   <datafield tag="653" ind2=" " ind1=" ">
      <subfield code="a">Antologies</subfield>
   </datafield>
   <datafield tag="653" ind2=" " ind1=" ">
      <subfield code="a">Poesia francesa</subfield>
   </datafield>
   <datafield tag="653" ind2=" " ind1=" ">
      <subfield code="a">Díez-Canedo, Enrique, 1879-1944</subfield>
   </datafield>
   <datafield tag="653" ind2=" " ind1=" ">
      <subfield code="a">Anthologies</subfield>
   </datafield>
   <datafield tag="653" ind2=" " ind1=" ">
      <subfield code="a">French poetry</subfield>
   </datafield>
   <datafield ind2="0" ind1="0" tag="245">
      <subfield code="a">Estudio preliminar para una antología esencial</subfield>
   </datafield>
   <datafield ind2="0" ind1="0" tag="245">
      <subfield code="a">Edición y Estudio preliminar</subfield>
   </datafield>
</record></metadata></record></GetRecord></OAI-PMH>